000 01156 a2200229 4500
003 UA-OsUOA
005 20260212131244.0
008 260212b un ||||| |||| 00| 0 ukr d
020 _a9665492853
040 _bukr
_cUA-OsUOA
080 _a82.09"10/12":246
090 _a82.09"10/12":246
_bА46
100 _aАлександров О.
_923195
110 _aНаціональна академія наук України
_bІнститут літератури ім. Т. Г. Шевченка
_bОдеський державний університет ім. І. І. Мечникова
_923197
245 _aСтарокиївська агіографічна проза ХІ – першої третини ХІІІ ст.
_bмонографія
_cОлександр Александров
260 _aОдеса
_bАстроПринт
_c1999
300 _a272 с.
650 _a82.09 Літературна критика. Літературні дослідження
_91582
942 _cBK
_2udc
955 _a1
999 _c579676
_d579676